00598nam a2200193Ia 4500008004100000020001500041082001700056100001800073245002800091250000700119260004000126300002600166500001900192600002700211650001500238942000700253952012900260999001500389240925s9999 xx 000 0 und d a8176565296 a620.0042 OMU aOmura, George 0aMastering Autocad 2002  aNA aNew Delhi:bBPB Publicationc,2002. ax,554p.bNAfOriginal aIncludes Index aElectronic Engineering aTechnology cBK 001040708ELaUITUbUITUd2004-08-12eVanguard Booksg2632.50l0o620.0042 OMUpQ5739r2024-09-25 07:13:57w2024-09-25yBK c8238d8238